| 000 | 00479pam a2200181 i 4500 | ||
|---|---|---|---|
| 020 | _a0471403024 | ||
| 040 | _cDLC | ||
| 082 | 0 | 0 | _a519 WIL 1976 A025 Or. |
| 100 | 1 | _aHoel, Paul Gerhard, | |
| 245 | 1 | 0 | _aElementary statistics / |
| 250 | _a4th ed. | ||
| 260 |
_aNew York : _bWiley, _cc1976. |
||
| 300 |
_axi, 361 p. : _bill. ; _c24 cm. |
||
| 490 | 0 | _aWiley series in probability and mathematical statistics | |
| 500 | _aIncludes index. | ||
| 650 | 0 | _aStatistics. | |
| 942 | _cEK | ||
| 999 |
_c13538 _d13538 |
||